[Event "Taujenai-ch rapid"]
[Site "Taujenai"]
[Date "2023.10.28"]
[Round "2"]
[White "Voroblievas, Arturas"]
[Black "Posaskov, Nikita"]
[Result "0-1"]
[WhiteElo "1647"]
[BlackElo "2062"]
[PlyCount "84"]
[EventDate "2023.10.28"]
[EventType "swiss (rapid)"]
[EventRounds "10"]
[EventCountry "LTU"]
[SourceTitle "Mega2024 Update 01"]
[Source "Chessbase"]
[SourceDate "2023.11.12"]
[SourceVersion "1"]
[SourceVersionDate "2023.11.12"]
[SourceQuality "1"]

1. e4 c5 2. Nf3 d6 3. d4 cxd4 4. Nxd4 Nf6 5. Nc3 a6 6. Bg5 e6 7. f4 Nbd7 8. Qf3 Qc7 9. 0-0-0 b5 10. Bxf6 Nxf6 11. g4 Bb7 12. g5 b4 13. gxf6 bxc3 14. Rg1 cxb2+ 15. Kb1 gxf6 16. Qh5 0-0-0 17. Bg2 Kb8 18. Rd3 e5 19. Nb3 Rc8 20. Qe2 Rg8 21. Rg3 Bh6 22. Bh3 Rxg3 23. hxg3 Qc4 24. Qd2 Rd8 25. Bf1 Qc7 26. Rh1 Bf8 27. Bd3 h6 28. f5 d5 29. Qe2 Rc8 30. Rh2 Qb6 31. Rh1 a5 32. a4 Qb4 33. Bb5 Qc3 34. Rd1 d4 35. Rd3 Qb4 36. g4 Be7 37. Rh3 Rc3 38. Rxc3 dxc3 39. Qc4 Qxc4 40. Bxc4 Bb4 41. Bxf7 Bxe4 42. Bc4 Bf3 0-1

[Event "NATO-ch 33rd"]
[Site "Portoroz"]
[Date "2023.09.06"]
[Round "4"]
[White "Voroblievas, Arturas"]
[Black "Ivbulis, Martins"]
[Result "1-0"]
[WhiteElo "1707"]
[BlackElo "1836"]
[PlyCount "81"]
[EventDate "2023.09.04"]
[EventType "swiss"]
[EventRounds "7"]
[EventCountry "SLO"]
[SourceTitle "EXT 2024"]
[Source "ChessBase"]
[SourceDate "2023.10.10"]
[SourceVersion "1"]
[SourceVersionDate "2023.10.10"]
[SourceQuality "1"]

1. e4 c5 2. Nf3 Nc6 3. d4 cxd4 4. Nxd4 Nf6 5. Nc3 e5 6. Ndb5 d6 7. Bg5 a6 8. Na3 b5 9. Bxf6 gxf6 10. Nd5 f5 11. c3 Bg7 12. Nc2 fxe4 13. Nce3 0-0 14. a4 b4 15. Bc4 Kh8 16. 0-0 f5 17. f4 exf3 18. Qxf3 Ra7 19. Qh5 bxc3 20. bxc3 Raf7 21. Kh1 Be6 22. Rad1 Ne7 23. Bxa6 Ng6 24. Bb5 f4 25. Nc4 f3 26. g3 f2 27. Nce3 e4 28. Be2 Ne5 29. Nf4 Rxf4 30. gxf4 Rxf4 31. a5 Rh4 32. Rxd6 Qxd6 33. Qxh4 Nd3 34. Qxe4 Bd7 35. Qxd3 Bc6+ 36. Ng2 Qh6 37. Bf3 Be5 38. Qd8+ Kg7 39. Qe7+ Kg8 40. Qxe5 Bxf3 41. Qg3+ 1-0

[Event "NATO-ch 32nd"]
[Site "Tartu"]
[Date "2022.06.28"]
[Round "2"]
[White "Heran Boily, Samuel"]
[Black "Voroblievas, Arturas"]
[Result "1/2-1/2"]
[WhiteElo "1871"]
[BlackElo "1740"]
[PlyCount "142"]
[EventDate "2022.06.27"]
[EventType "swiss"]
[EventRounds "7"]
[EventCountry "EST"]
[SourceTitle "CBM 209 Extra"]
[Source "ChessBase"]
[SourceDate "2022.09.30"]
[SourceVersion "1"]
[SourceVersionDate "2022.09.30"]
[SourceQuality "1"]

1. e4 e5 2. Nf3 Nc6 3. Bb5 a6 4. Ba4 Nf6 5. d3 b5 6. Bb3 Bc5 7. 0-0 h6 8. c3 0-0 9. Re1 d6 10. Nbd2 Ng4 11. Re2 Na5 12. Bc2 Nc6 13. h3 Nf6 14. Nf1 Nh5 15. Re1 Bb6 16. Nxe5 Qh4 17. Nf3 Qxf2+ 18. Kh2 Ne5 19. Nd4 Bxd4 20. cxd4 Nf3+ 21. Qxf3 Qxe1 22. e5 Bb7 23. Qxh5 Qxf1 24. Qg4 f5 25. Qg6 f4 26. Bb3+ d5 27. Qg4 Rae8 28. Qf3 Qxf3 29. gxf3 c6 30. Bd2 Bc8 31. Rc1 Bd7 32. Rg1 Kh7 33. Rc1 Rf5 34. Rg1 Rh5 35. Bxf4 Rf8 36. Bg3 Bxh3 37. Rc1 Bd7+ 38. Kg2 Rg5 39. Bd1 Rf4 40. Kf2 Rxd4 41. f4 Rf5 42. Ke3 Rb4 43. b3 g5 44. d4 gxf4+ 45. Bxf4 c5 46. Rxc5 Rxf4 47. Kxf4 Rxd4+ 48. Ke3 Rxd1 49. Rc7 Kg6 50. Rxd7 Kf5 51. Rd6 Kxe5 52. Rxh6 a5 53. Ra6 a4 54. bxa4 bxa4 55. Rxa4 Rh1 56. Ra8 Rh3+ 57. Kd2 Kd4 58. Ra4+ Kc5 59. Ra5+ Kc4 60. Ra4+ Kb5 61. Ra8 Kb4 62. Rb8+ Kc4 63. Ra8 d4 64. Rc8+ Kb4 65. Rd8 Kc4 66. Rc8+ Kd5 67. Rd8+ Kc5 68. Rc8+ Kb4 69. Rd8 Kc5 70. Rc8+ Kd6 71. Rd8+ Kc5 1/2-1/2

[Event "NATO-ch 31st"]
[Site "Blankenberge"]
[Date "2021.10.13"]
[Round "4.27"]
[White "Cheung, Jan W"]
[Black "Voroblievas, Arturas"]
[Result "1/2-1/2"]
[WhiteElo "2013"]
[BlackElo "1698"]
[PlyCount "143"]
[EventDate "2021.10.11"]
[EventType "team-swiss"]
[EventRounds "7"]
[EventCountry "BEL"]
[SourceTitle "CBM 204 Extra"]
[Source "ChessBase"]
[SourceDate "2021.11.30"]
[SourceVersion "1"]
[SourceVersionDate "2021.11.30"]
[SourceQuality "1"]
[WhiteTeam "Netherlands"]
[BlackTeam "Lithuania"]
[WhiteTeamCountry "NED"]
[BlackTeamCountry "LTU"]

1. d4 d5 2. c4 c6 3. Nf3 Nf6 4. Nc3 e6 5. g3 Be7 6. Bg2 0-0 7. 0-0 Nbd7 8. Qd3 Bb4 9. b3 Bxc3 10. Qxc3 Ne4 11. Qc2 f5 12. Ne1 Qb6 13. e3 a5 14. f3 Nef6 15. a4 Qa7 16. Nd3 Nh5 17. Ba3 Re8 18. Rae1 b6 19. Kh1 Qb8 20. Qf2 Ba6 21. Rc1 e5 22. e4 exd4 23. Qxd4 dxc4 24. bxc4 Nhf6 25. exf5 c5 26. Qc3 Bb7 27. Rce1 Qd6 28. Bc1 Qc6 29. Qc2 Rad8 30. Bf4 Qc8 31. g4 h6 32. Bg3 Qa8 33. Re6 Nb8 34. Rxb6 Nc6 35. Nxc5 Nd4 36. Qc3 Ne2 37. Qb2 Bc6 38. Ne6 Nxg3+ 39. hxg3 Rd3 40. Qe2 Rd7 41. Ra1 Rde7 42. c5 Rd7 43. Ra6 Qb7 44. Rxa5 Qb4 45. Ra6 Rd2 46. Qe1 Qb2 47. Rb6 Qc2 48. Qc1 Bxf3 49. Qxc2 Bxg2+ 50. Kg1 Rxc2 51. a5 Nxg4 52. a6 Ne5 53. Nd4 Nf3+ 54. Nxf3 Bxf3 55. a7 Ra8 56. Ra3 Bd5 57. Rd3 Be4 58. Rb8+ Kh7 59. Rxa8 Bxa8 60. Rd8 Be4 61. a8Q Bxa8 62. Rxa8 Rxc5 63. Rf8 Rc2 64. Kf1 h5 65. Rf7 Kh6 66. Ra7 Rh2 67. Ra6+ Kh7 68. Ra7 Kh6 69. Ra6+ Kh7 70. Ra7 Kh6 71. Ra6+ Kh7 72. Ra7 1/2-1/2

[Event "Panevezys Kveinys Memorial op"]
[Site "Panevezys"]
[Date "2021.08.03"]
[Round "6"]
[White "Bazevicius, Albertas"]
[Black "Voroblievas, Arturas"]
[Result "1/2-1/2"]
[WhiteElo "1867"]
[BlackElo "1699"]
[PlyCount "115"]
[EventDate "2021.07.30"]
[EventType "swiss"]
[EventRounds "9"]
[EventCountry "LTU"]
[SourceTitle "EXT 2022"]
[Source "ChessBase"]
[SourceDate "2021.10.06"]
[SourceVersion "1"]
[SourceVersionDate "2021.10.06"]
[SourceQuality "1"]

1. Nf3 Nf6 2. g3 d5 3. Bg2 c5 4. 0-0 Nc6 5. d4 cxd4 6. Nxd4 e5 7. Nxc6 bxc6 8. c4 e4 9. Nc3 Be7 10. Qa4 Bd7 11. Rd1 h6 12. Qb3 Rb8 13. Qc2 Qc8 14. Bf4 Rb4 15. cxd5 cxd5 16. Rac1 Rc4 17. b3 Rc6 18. Qb2 Be6 19. Nb5 0-0 20. Nd4 Rxc1 21. Rxc1 Qa6 22. a4 Rc8 23. Rxc8+ Qxc8 24. Qc2 Bc5 25. Be3 Bd7 26. b4 Bxb4 27. Qxc8+ Bxc8 28. Nc6 a5 29. Nxb4 axb4 30. Bd2 b3 31. Bc3 Ba6 32. Bh3 e3 33. Bf5 Bxe2 34. fxe3 Ne4 35. Bxe4 dxe4 36. Kf2 Bd3 37. Ke1 f6 38. a5 Kf7 39. Kd2 Ke6 40. Bd4 Kd5 41. Kc3 Bc2 42. Kb4 Kc6 43. a6 b2 44. Bxb2 Kb6 45. Bd4+ Kxa6 46. Kc5 h5 47. Kd6 Bd1 48. Ke6 Bg4+ 49. Kf7 Kb5 50. Kxg7 f5 51. Kg6 Kc4 52. Kg5 Kd3 53. h3 Bxh3 54. Kxh5 Ke2 55. Kh4 Bg4 56. Ba7 Kf3 57. Bb6 Kf2 58. Ba7 1/2-1/2

[Event "Panevezys Kveinys Memorial op"]
[Site "Panevezys"]
[Date "2021.08.02"]
[Round "5"]
[White "Voroblievas, Arturas"]
[Black "Stremavicius, Pijus"]
[Result "0-1"]
[WhiteElo "1699"]
[BlackElo "2146"]
[PlyCount "58"]
[EventDate "2021.07.30"]
[EventType "swiss"]
[EventRounds "9"]
[EventCountry "LTU"]
[SourceTitle "EXT 2022"]
[Source "ChessBase"]
[SourceDate "2021.10.06"]
[SourceVersion "1"]
[SourceVersionDate "2021.10.06"]
[SourceQuality "1"]

1. e4 d6 2. d4 Nf6 3. Nc3 g6 4. f4 Bg7 5. Nf3 c5 6. Bb5+ Bd7 7. e5 Ng4 8. e6 Bxb5 9. exf7+ Kf8 10. Nxb5 Qa5+ 11. Nc3 cxd4 12. Nxd4 Kxf7 13. Ndb5 Bxc3+ 14. Nxc3 Nf6 15. 0-0 Nc6 16. f5 Ne5 17. Bg5 gxf5 18. Bxf6 Kxf6 19. Qh5 Kg7 20. Qg5+ Ng6 21. Rae1 Rae8 22. Rxf5 Qb6+ 23. Kh1 Qxb2 24. Rf3 Rhf8 25. Rh3 Rf7 26. Qh6+ Kg8 27. Rg3 Qxc2 28. Ne4 Qxe4 29. Rxg6+ Qxg6 0-1

[Event "Panevezys op-B"]
[Site "Panevezys"]
[Date "2017.07.04"]
[Round "2"]
[White "Shchedrova, Tatiana"]
[Black "Voroblievas, Arturas"]
[Result "1-0"]
[WhiteElo "1583"]
[BlackElo "1830"]
[PlyCount "161"]
[EventDate "2017.07.03"]
[EventType "swiss"]
[EventRounds "9"]
[EventCountry "LTU"]
[SourceTitle "EXT 2018"]
[Source "ChessBase"]
[SourceDate "2017.10.13"]
[SourceVersion "1"]
[SourceVersionDate "2017.10.13"]
[SourceQuality "1"]

1. e4 e5 2. Nf3 Nc6 3. d4 exd4 4. Bc4 Nf6 5. 0-0 Nxe4 6. Re1 d5 7. Bxd5 Qxd5 8. Nc3 Qa5 9. Nxe4 Be6 10. Neg5 0-0-0 11. Nxe6 fxe6 12. Rxe6 Bd6 13. Bg5 Rde8 14. Qe2 Kd7 15. Rxe8 Rxe8 16. Qd3 h6 17. Bd2 Qh5 18. Re1 Rxe1+ 19. Bxe1 Ne5 20. Qb5+ c6 21. Nxe5+ Qxe5 22. Qxe5 Bxe5 23. g3 c5 24. Kf1 b5 25. Ke2 Ke6 26. f3 Kd5 27. b3 c4 28. Bf2 a5 29. Be1 a4 30. bxa4 bxa4 31. Bb4 Bd6 32. Be1 Ke6 33. Bf2 Bc5 34. Be1 Kd5 35. Bd2 Bd6 36. Be1 Kc5 37. Bf2 Kd5 38. Be1 Bc5 39. Ba5 Kc6 40. Be1 Kb5 41. Bd2 Bb4 42. Bc1 a3 43. Bf4 Bf8 44. Be5 Kc5 45. Bf4 Bd6 46. Bc1 Kb5 47. Bd2 h5 48. Bg5 Kb4 49. Kd2 Kb5 50. Ke2 Bc7 51. Be7 Ka4 52. Bc5 Be5 53. Be7 Bf6 54. Bc5 g6 55. f4 Bg7 56. h3 Bf6 57. g4 hxg4 58. hxg4 Bg7 59. Be7 Kb5 60. f5 gxf5 61. gxf5 Bh6 62. f6 Kc6 63. f7 Kd5 64. Kd1 d3 65. c3 Ke4 66. f8Q Bxf8 67. Bxf8 Ke3 68. Bc5+ Ke4 69. Kd2 Kd5 70. Bxa3 Kc6 71. Be7 Kb5 72. Ba3 Kc6 73. Bc1 Kb5 74. Ke3 Kc5 75. Ke4 Kc6 76. Kd4 Kb5 77. Kd5 Ka4 78. Kxc4 d2 79. Bxd2 Ka3 80. Kb5 Kxa2 81. c4 1-0

[Event "Panevezys op-A"]
[Site "Panevezys"]
[Date "2016.06.08"]
[Round "4"]
[White "Voroblievas, Arturas"]
[Black "Narmontas, Raimondas"]
[Result "0-1"]
[WhiteElo "1825"]
[BlackElo "1990"]
[PlyCount "80"]
[EventDate "2016.06.06"]
[EventType "swiss"]
[EventRounds "9"]
[EventCountry "LTU"]
[SourceTitle "CBM 172 Extra"]
[Source "ChessBase"]
[SourceDate "2016.06.21"]
[SourceVersion "1"]
[SourceVersionDate "2016.06.21"]
[SourceQuality "1"]

1. e4 c5 2. Nf3 Nc6 3. d4 cxd4 4. Nxd4 e5 5. Nb5 d6 6. N1c3 a6 7. Na3 b5 8. Nd5 Nce7 9. c4 Nxd5 10. Qxd5 Be6 11. Qc6+ Bd7 12. Qd5 Nf6 13. Qd3 Bc6 14. f3 Rb8 15. cxb5 axb5 16. Bg5 Be7 17. Rc1 Bd7 18. Qb3 Nxe4 19. Be3 Qa5+ 20. Ke2 Nc5 21. Qc2 0-0 22. Kf2 f5 23. Qb1 f4 24. Bxc5 dxc5 25. Rd1 Qa7 26. Be2 c4+ 27. Kf1 Bh4 28. g3 Bh3+ 29. Ke1 fxg3 30. hxg3 Bxg3+ 31. Kd2 Qd4+ 32. Bd3 Bf5 33. Kc1 Bf4+ 34. Rd2 cxd3 35. Kd1 Bxd2 36. Kxd2 Qf2+ 37. Kc3 Rfc8+ 38. Kb3 Be6+ 39. Kb4 Qc5+ 40. Ka5 Ra8# 0-1

[Event "Panevezys op U2200"]
[Site "Panevezys"]
[Date "2015.12.06"]
[Round "6"]
[White "Voroblievas, Arturas"]
[Black "Muralis, Aloyzas"]
[Result "0-1"]
[WhiteElo "1887"]
[BlackElo "1866"]
[PlyCount "53"]
[EventDate "2015.12.04"]
[EventType "swiss"]
[EventRounds "6"]
[EventCountry "LTU"]
[SourceTitle "CBM 169 Extra"]
[Source "ChessBase"]
[SourceDate "2015.12.18"]
[SourceVersion "1"]
[SourceVersionDate "2015.12.18"]
[SourceQuality "1"]

1. e4 e5 2. Nf3 Nc6 3. Bb5 Bc5 4. c3 Qf6 5. 0-0 a6 6. Ba4 Nge7 7. d4 exd4 8. Bg5 Qg6 9. b4 Ba7 10. Bxe7 Nxe7 11. cxd4 0-0 12. Nc3 d6 13. Qd3 Bg4 14. Rad1 Qh5 15. Ne2 Bxf3 16. Ng3 Bxd1 17. Nxh5 Bxa4 18. Rc1 Bb6 19. Rc3 Bd7 20. Qg3 Ng6 21. Rd3 Rae8 22. f3 f5 23. h3 fxe4 24. fxe4 Rxe4 25. Kh2 Rf5 26. Rf3 Rxh5 27. Rf1 0-1

[Event "Panevezys op 27th"]
[Site "Panevezys"]
[Date "2014.09.07"]
[Round "3"]
[White "Voroblievas, Arturas"]
[Black "Laurusas, Tomas"]
[Result "0-1"]
[WhiteElo "1871"]
[BlackElo "2440"]
[PlyCount "68"]
[EventDate "2014.09.05"]
[EventType "swiss"]
[EventRounds "9"]
[EventCountry "LTU"]
[SourceTitle "CBM 162 Extra"]
[Source "ChessBase"]
[SourceDate "2014.10.17"]
[SourceVersion "1"]
[SourceVersionDate "2014.10.17"]
[SourceQuality "1"]

1. e4 c6 2. d4 d5 3. Nc3 a6 4. Bd3 b5 5. a3 e6 6. e5 Ne7 7. Qh5 Nd7 8. Nce2 c5 9. c3 Nc6 10. Nf3 g6 11. Qh3 Bb7 12. 0-0 Qc7 13. Ng5 Nb6 14. Qf3 Qe7 15. Be3 h6 16. Nh3 Nc4 17. Bxc4 dxc4 18. Qg4 cxd4 19. cxd4 0-0-0 20. Rfd1 Kb8 21. f4 Qc7 22. Nc3 Ne7 23. Qe2 Qc6 24. Rac1 Nf5 25. Rc2 Be7 26. Kh1 g5 27. Ng1 gxf4 28. d5 exd5 29. Bxf4 d4 30. Na2 d3 31. e6+ Ka8 32. Qf2 dxc2 33. Rc1 Rd1 34. Rxc2 Bc5 0-1

[Event "LTU-ch sf"]
[Site "Kaunas"]
[Date "2014.03.30"]
[Round "5"]
[White "Voroblievas, Arturas"]
[Black "Balanda, Audrius"]
[Result "1-0"]
[WhiteElo "1867"]
[BlackElo "1561"]
[PlyCount "71"]
[EventDate "2014.03.28"]
[EventType "swiss"]
[EventRounds "6"]
[EventCountry "LTU"]
[SourceTitle "EXT 2016"]
[Source "ChessBase"]
[SourceDate "2015.10.08"]
[SourceVersion "1"]
[SourceVersionDate "2015.10.08"]
[SourceQuality "1"]

1. e4 c6 2. d4 d5 3. Nc3 g6 4. h3 Bg7 5. e5 e6 6. Nf3 Nd7 7. Ne2 b5 8. a3 Ne7 9. Ng3 Qb6 10. c3 Bb7 11. Bd3 c5 12. 0-0 cxd4 13. cxd4 Rc8 14. Be3 0-0 15. Qd2 Rc7 16. Bh6 Nf5 17. Bxf5 exf5 18. Bxg7 Kxg7 19. Qg5 f6 20. Nh5+ Kh8 21. Nxf6 Nxf6 22. exf6 Rxf6 23. Rfe1 Kg7 24. Re8 Qd6 25. Rae1 Bc6 26. R8e2 a6 27. Rc2 Bb7 28. Rxc7+ Qxc7 29. Re8 Bc6 30. Rg8+ Kxg8 31. Qxf6 Bb7 32. Ne5 Qg7 33. Qe6+ Kh8 34. Nf7+ Kg8 35. Nd6+ Kh8 36. Qe8+ 1-0